000 00971nam a2200277 a 4500
008
049 _aMAIN
090 _aQC795
_bWAN
100 1 _aWang, Chih Hsing.
245 1 0 _aRadiotracer methodology in biological science
_cC.H. Wang, David L. Willis.
260 _aEnglewood Cliffs, N.J.,:
_bPrentice-Hall,
_c1965.
300 _axvii, 382 p.:
_bill. ;
_c24 cm.
440 0 _aPrentice-Hall biological science series.
500 _aPublished in 1975 under title: Radiotracer methodology in the biological, environmental, and physical sciences.
504 _aIncludes bibliographical references.
650 0 _aRadioactivity
_xMeasurement.
650 0 _aRadioactive tracers in biology.
650 0 _aRadiobiology
_xResearch.
650 2 _aRadiometry.
700 1 _aWillis, David L.
907 _a.b10012709
_b04-10-12
_c17-04-03
003
005 20230123133126.0
040 _cNUST
942 _cBOOKS
_kQC795
_mWAN
999 _c143182
_d143182